| 000 | 00812nam a22001337a 4500 | ||
|---|---|---|---|
| 040 | _cRUA | ||
| 082 | _aVEM KY 2015 B485 Or.1 | ||
| 100 | _aKY VANNDARITH; គី វ៉ាន់ដារិទ្ធ | ||
| 245 | _aStudy on duck cholera disease of korky breed and theirs antibosies by using ha and hi-test in romlech commune, sithorkandal district, prey veng province, សិក្សាលើជំងឺអាសន្នរោគទា និងអង់ទីកររបស់ពូជទាកាគី កាប៊ែល តាមរយៈតេស្ត HA និង HI ក្នុងឃុំរំលេច ស្រុកស៊ីធរកណ្ដាល ខេត្តព្រៃវែង | ||
| 260 |
_aRUA _bKY _c2015 |
||
| 300 |
_ax,35p. _bill. _c29cm. |
||
| 856 | _uKY VANNDARITH | ||
| 942 | _cVEM | ||
| 999 |
_c10445 _d10445 |
||